000
00309nam a22001217a 4500
040
_c
HS
082
_a
338
100
_a
ហ៊ីង សាលីន
245
_a
Rural finance ហិរញ្ញវត្ថុជនបទ
260
_a
RUA
_b
ហ៊ីង សាលីន
_c
2008
300
_a
NA
942
_c
KB
999
_c
10073
_d
10073